Superhelden A-Z - Statistiken

Allgemein
  • Dieses Quiz wurde 189 mal gespielt
  • Das Durchschnittsergebnis liegt bei 15 aus 26
Antwortstatistiken
Bildquiz Hint Antwort % Korrekt
B Batman
99%
S Superman
96%
I Iron Man
95%
T Thor Odinson
95%
C Captain America
94%
F The Flash
93%
D Deadpool
89%
W Wonder Woman
88%
V Venom
85%
A Aquaman
83%
O Optimus Prime
78%
G Goku
76%
L Ladybug
57%
H Hellboy
53%
R Raphael
51%
Q Quicksilver
47%
E Elastigirl
44%
Y Yondu Udonta
36%
P Phantomias
28%
K Kick-Ass
27%
N Nightcrawler
26%
M Menschliche Fackel
25%
U Ultraman
12%
X X-23
11%
Z Zatanna
7%
J Jonah Hex
3%
Keine übereinstimmenden Quizze gefunden
Verteilung der Resultate
Anzahl Personen mit jedem Resultat
Perzentil nach korrekt beantworteten Fragen
Ihre Resultats-Entwicklung
Sie haben dieses Quiz noch nicht gespielt